Fr. Conceicao Rodrigues College of Engineering

Text book of electronics (Record no. 22011)

MARC details
000 -LEADER
fixed length control field 00325nam a2200145Ia 4500
082 ## - DEWEY DECIMAL CLASSIFICATION NUMBER
Classification number 621.38
100 ## - MAIN ENTRY--PERSONAL NAME
Personal name Kumar/Sushil
245 ## - TITLE STATEMENT
Title Text book of electronics
260 ## - PUBLICATION, DISTRIBUTION, ETC.
Name of publisher, distributor, etc. India Pub. House
Place of publication, distribution, etc. Delhi
Date of publication, distribution, etc. 1980
300 ## - PHYSICAL DESCRIPTION
Extent 182
546 ## - LANGUAGE NOTE
Language note ENGLISH
650 ## - SUBJECT ADDED ENTRY--TOPICAL TERM
Topical term or geographic name entry element Electrical Engineering
654 ## - SUBJECT ADDED ENTRY--FACETED TOPICAL TERMS
Focus term electronics
942 ## - ADDED ENTRY ELEMENTS (KOHA)
Koha item type BOOK
Holdings
Withdrawn status Lost status Damaged status Not for loan Collection Home library Current library Shelving location Date acquired Source of acquisition Cost, normal purchase price Inventory number Total Checkouts Full call number Barcode Date last seen Cost, replacement price Price effective from Koha item type
        AFT Fr. Agnel's C.Rodrigues College of Engineering Fr. Agnel's C.Rodrigues College of Engineering   17/03/2023 UBS 14.90 T-155   621.38 AFT3281 17/03/2023 14.90 17/03/2023 BOOK